000 00245nam a22001097a 4500
999 _c260997
_d260996
020 _a0439559863
100 _aJudy Blume
245 _aTales of a Fourth Grade Nothing
260 _aNew York
_bScholastic
_c1972
300 _a120 pgs
942 _cBK